000
00288nam a2200109Ia 4500
008
230907s9999||||xx |||||||||||||| ||und||
082
_a
658.4012
_b
JOH
100
_a
Johnston, Robert E.
_9
116152
245
4
_a
The power of strategy innovation :
300
_a
xxiv, 308 pages :
942
_c
BK
999
_c
601239
_d
601239